• 首页
  • 本馆介绍
  • 公告通知
  • 最新文献
  • 馆藏检索
  • 电子资源
  • 读者导购
  • 参考咨询
  • 我的图书馆
  • 登录
  • 详细信息显示
  • 放入我的书架
  • 预约/预借图书
  • 作者相关作品
  • 分类相关作品
  • 丛书相关作品
  • 出版社相关作品

书目信息

  • 表格格式
  • 工作单格式
  • 卡片格式
题名:
如何观看赛马
    
 
作者: 芒提 著 ;陆爱萍 译
分册:  
出版信息: 哈尔滨   黑龙江教育出版社  2017
页数: 177页
开本: 21cm
丛书名:
单 册:
中图分类: G882.1
科图分类:
主题词: 赛马--基本知识
电子资源:
ISBN: 978-7-5316-9316-1
000 00944nam0 2200253 450
001 503
005 20180520222306.56
010    @a978-7-5316-9316-1@b精装@dCNY32.00
100    @a20171018d2017 em y0chiy50 ea
101 1  @achi@ceng
102    @aCN@b230000
105    @ay z 000yy
200 1  @a如何观看赛马@9ru he guan kan sai ma@dHow to pick a winner@f(新西兰)玛丽·芒提著@g陆爱萍译@zeng
210    @a哈尔滨@c黑龙江教育出版社@d2017
215    @a177页@d21cm
300    @a乐活
330    @a本书中详细地描写了赛马的特点、有关赛马的一些奇闻逸事、墨尔本杯现象、给新手的选马建议以及挑选赢家的妙招等。用诙谐幽默的眼光看赛马,浅显易懂,视角敏锐,观点独到,是一本了解赛马活动的必备指南。
510 1  @aHow to pick a winner@zeng
606 0  @a赛马@x基本知识
690    @aG882.1@v5
701  0 @c(新西兰)@a芒提@9mang ti@c(Mountier Mary)@4著
702  0 @a陆爱萍@9lu ai ping@4译
801  0 @aCN@b91MARC@c20171018
905    @aMuseLib@dG882.1@e152
    
    如何观看赛马=How to pick a winner/(新西兰)玛丽·芒提著/陆爱萍译.-哈尔滨:黑龙江教育出版社,2017
    177页;21cm
    乐活
    
    ISBN 978-7-5316-9316-1(精装):CNY32.00
    本书中详细地描写了赛马的特点、有关赛马的一些奇闻逸事、墨尔本杯现象、给新手的选马建议以及挑选赢家的妙招等。用诙谐幽默的眼光看赛马,浅显易懂,视角敏锐,观点独到,是一本了解赛马活动的必备指南。
●
相关链接 在E读中查询图书 在五车中查询图书 在当当中查询图书 在豆瓣中查询图书


正题名:如何观看赛马     索取号:G882.1/152         预约/预借

序号 登录号 条形码 馆藏地/架位号 状态 备注
1 1102955   211029554   第一样本阅览室/ [索取号:G882.1/152] 在馆    
2 1102956   211029563   教育系资料室/ [索取号:G882.1/152] 在馆    
3 1102957   211029572   教育系资料室/ [索取号:G882.1/152] 在馆    
4 1102958   211029581   教育系资料室/ [索取号:G882.1/152] 在馆    
5 1102959   211029590   第四借阅区/ [索取号:G882.1/152] 在馆    
6 1102960   211029607   第四借阅区/ [索取号:G882.1/152] 在馆    
唐山师范学院图书馆 欢迎您!
大连网信软件有限公司© 版权所有